Saffron Awakening: (Record no. 167085)

MARC details
000 -LEADER
fixed length control field 00572nam a22001697a 4500
010 ## - LCCN (DPL NO)
LC control number ENG-126261
020 ## - INTERNATIONAL STANDARD BOOK NUMBER
Terms of availability 595.00
International Standard Book Number 978-93-86473-21-9-4
035 ## - SYSTEM CONTROL NUMBER
System control number EN-109793
037 ## - SOURCE OF ACQUISITION
Source of stock number/acquisition DBAD/PUB
082 ## - DEWEY DECIMAL CLASSIFICATION NUMBER
Classification number 322.109542
100 ## - MAIN ENTRY--PERSONAL NAME
Personal name Goradia,Prafull
245 ## - TITLE STATEMENT
Title Saffron Awakening:
Statement of responsibility, etc by Prafull Goradia
Remainder of title Ayodhya to Adityanath/
260 ## - PUBLICATION, DISTRIBUTION, ETC. (IMPRINT)
Place of publication, distribution, etc New Delhi
Name of publisher, distributor, etc Vitasta Publishing Pvt Ltd
Date of publication, distribution, etc 2018
270 ## - ADDRESS
Address 2/15, Ansari Road, Daryaganj
City New Delhi
Postal code 110002
Electronic mail address info@vitastapublishing.com
300 ## - PHYSICAL DESCRIPTION
Extent vii199p.
Dimensions 22cm(hb)
Other physical details ill
942 ## - ADDED ENTRY ELEMENTS (KOHA)
Source of classification or shelving scheme Dewey Decimal Classification
Item type English Books
Classification part 322.109542
Call number suffix GOR
Holdings
Withdrawn status Lost status Not for loan Collection code Home library Current library Date acquired Source of acquisition Cost, normal purchase price Full call number Barcode Copy number Cost, replacement price Koha item type
      Non-fiction Ashok Vihar Ashok Vihar 21/08/2019 DBAD/PUB 595.00 322.109542 GOR EN-109793 1 595.00 English Books

© Delhi Public Library
Hit Counter
free hit counter